Learning a second language through interaction (Record no. 2735)
[ view plain ]
| 000 -LEADER | |
|---|---|
| fixed length control field | 01452nam a2200361Ia 4500 |
| 100 1# - MAIN ENTRY--AUTHOR NAME | |
| Personal name | Ellis, Rod. |
| 245 10 - TITLE STATEMENT | |
| Title | Learning a second language through interaction |
| 260 ## - PUBLICATION, DISTRIBUTION, ETC. (IMPRINT) | |
| Place of publication | Amsterdam ; |
| -- | Philadelphia : |
| Name of publisher | J. Benjamins, |
| Year of publication | c1999. |
| 300 ## - PHYSICAL DESCRIPTION | |
| Number of Pages | x, 285 p. |
| 490 1# - SERIES STATEMENT | |
| Series statement | Studies in bilingualism ; |
| 650 #0 - SUBJECT ADDED ENTRY--TOPICAL TERM | |
| Topical Term | Second language acquisition. |
| Topical Term | Interaction analysis in education. |
| 700 1# - ADDED ENTRY--PERSONAL NAME | |
| Personal name | Fotos, Sandra. |
| 856 40 - ELECTRONIC LOCATION AND ACCESS | |
| Uniform Resource Identifier | http://site.ebrary.com/lib/rucke/Doc?id=5000261 |
No items available.
